[Event "AUT-chT2W 0607"]
[Site "Austria"]
[Date "2007.03.02"]
[Round "9.1"]
[White "Heinzel, Olaf"]
[Black "Lawitsch, Guenther"]
[Result "1/2-1/2"]
[WhiteElo "2384"]
[BlackElo "2294"]
[PlyCount "66"]
[EventDate "2006.10.21"]
[EventType "team"]
[EventRounds "11"]
[EventCountry "AUT"]
[SourceTitle "EXT 2008"]
[Source "ChessBase"]
[SourceDate "2007.11.25"]
[SourceVersion "1"]
[SourceVersionDate "2007.11.25"]
[SourceQuality "1"]

1. d4 d5 2. Bf4 c5 3. e3 cxd4 4. exd4 Qb6 5. Nc3 Nf6 6. Nb5 Na6 7. c3 g6 8. Nf3 Bg7 9. Bd3 0-0 10. 0-0 Nh5 11. Be3 Nb8 12. Qd2 a6 13. Na3 Nc6 14. Ne5 Nf6 15. h3 Nd7 16. Rac1 Qd8 17. Nxd7 Bxd7 18. Bh6 Bxh6 19. Qxh6 e5 20. dxe5 Nxe5 21. Rcd1 Qb6 22. Qc1 Rad8 23. Rfe1 Rfe8 24. Bf1 Bc6 25. Rd4 Nd7 26. Red1 Kg7 27. Nc2 Re4 28. Ne3 Nf6 29. g3 Rde8 30. Bg2 R4e5 31. c4 dxc4 32. Nxc4 Qxd4 33. Nxe5 Qxe5 1/2-1/2

[Event "AUT-chT2W 0607"]
[Site "Austria"]
[Date "2006.12.01"]
[Round "3"]
[White "Maiwald, Jens Uwe"]
[Black "Lawitsch, Guenther"]
[Result "1-0"]
[WhiteElo "2489"]
[BlackElo "2294"]
[PlyCount "47"]
[EventDate "2006.10.21"]
[EventType "team"]
[EventRounds "11"]
[EventCountry "AUT"]
[SourceTitle "CBM 115 Extra"]
[Source "ChessBase"]
[SourceDate "2007.01.10"]
[SourceVersion "1"]
[SourceVersionDate "2007.01.10"]
[SourceQuality "1"]

1. d4 d5 2. c4 c6 3. Nf3 Nf6 4. Nc3 dxc4 5. e4 b5 6. e5 Nd5 7. a4 e6 8. Ng5 Bb4 9. Qh5 Qe7 10. Bd2 h6 11. Nge4 0-0 12. g4 f5 13. gxf5 exf5 14. Ng3 Be6 15. Rg1 Qf7 16. Bh3 Bxc3 17. bxc3 Kh7 18. Qh4 b4 19. Nh5 Rg8 20. Nxg7 f4 21. Bxe6 Rxg7 22. Bxf7 Rxg1+ 23. Ke2 Rxa1 24. Qg4 1-0

[Event "AUT-chT2W 0405"]
[Site "Austria"]
[Date "2005.03.04"]
[Round "9.4"]
[White "Jenul, Reinhold"]
[Black "Lawitsch, Guenther"]
[Result "1/2-1/2"]
[WhiteElo "2119"]
[BlackElo "2230"]
[PlyCount "100"]
[EventDate "2004.10.16"]
[EventType "team-tourn"]
[EventRounds "11"]
[EventCountry "AUT"]
[SourceTitle "EXT 2005"]
[Source "ChessBase"]
[SourceDate "2004.11.15"]
[SourceVersion "1"]
[SourceVersionDate "2004.11.15"]
[SourceQuality "1"]
[WhiteTeam "Reutte"]
[BlackTeam "Innsbruck"]
[WhiteTeamCountry "AUT"]
[BlackTeamCountry "AUT"]

1. d4 d5 2. Nf3 Nf6 3. c4 c6 4. Nc3 dxc4 5. a4 Bf5 6. e3 e6 7. Bxc4 Bb4 8. 0-0 Nbd7 9. Qb3 Qb6 10. h3 Be7 11. Rd1 h6 12. a5 Qxb3 13. Bxb3 a6 14. Nd2 e5 15. d5 Nc5 16. Bc4 cxd5 17. Nxd5 Nxd5 18. Bxd5 Rd8 19. e4 Be6 20. Bxe6 Nxe6 21. Rf1 Rd4 22. f3 Bb4 23. Nb1 Rd3 24. Ra4 Rb3 25. Nc3 Bxc3 26. bxc3 0-0 27. Rb4 Rxb4 28. cxb4 Rc8 29. Bb2 f6 30. Rc1 Rd8 31. Rc2 Rd1+ 32. Kf2 Kf7 33. Ke2 Rd7 34. g3 Ke8 35. h4 g5 36. hxg5 hxg5 37. Rc8+ Kf7 38. Rc1 Kg6 39. Ke3 Rh7 40. Rc2 Rh3 41. Rg2 Rh1 42. Rd2 Re1+ 43. Kf2 Rb1 44. Ke3 Kf7 45. Kd3 Rg1 46. g4 Rh1 47. Kc4 Ke7 48. b5 Nd4 49. bxa6 bxa6 50. Bxd4 exd4 1/2-1/2

[Event "AUT-chT2W 0405"]
[Site "Austria"]
[Date "2004.12.05"]
[Round "5.4"]
[White "Hengl, Christian"]
[Black "Lawitsch, Guenther"]
[Result "1/2-1/2"]
[WhiteElo "2220"]
[BlackElo "2230"]
[PlyCount "25"]
[EventDate "2004.10.16"]
[EventType "team-tourn"]
[EventRounds "11"]
[EventCountry "AUT"]
[SourceTitle "EXT 2005"]
[Source "ChessBase"]
[SourceDate "2004.11.15"]
[SourceVersion "1"]
[SourceVersionDate "2004.11.15"]
[SourceQuality "1"]
[WhiteTeam "Goetzis"]
[BlackTeam "Innsbruck"]
[WhiteTeamCountry "AUT"]
[BlackTeamCountry "AUT"]

1. e4 e5 2. Nf3 Nf6 3. Nxe5 d6 4. Nf3 Nxe4 5. Qe2 Qe7 6. d3 Nf6 7. Bg5 Nbd7 8. Nc3 Qxe2+ 9. Bxe2 h6 10. Bd2 g6 11. 0-0-0 Bg7 12. h3 0-0 13. Rhe1 1/2-1/2

[Event "AUT-chT2W 0405"]
[Site "Austria"]
[Date "2004.12.03"]
[Round "3.3"]
[White "Lawitsch, Guenther"]
[Black "Duer, Arne"]
[Result "0-1"]
[WhiteElo "2230"]
[BlackElo "2386"]
[PlyCount "66"]
[EventDate "2004.10.16"]
[EventType "team-tourn"]
[EventRounds "11"]
[EventCountry "AUT"]
[SourceTitle "EXT 2005"]
[Source "ChessBase"]
[SourceDate "2004.11.15"]
[SourceVersion "1"]
[SourceVersionDate "2004.11.15"]
[SourceQuality "1"]
[WhiteTeam "Innsbruck"]
[BlackTeam "Absam"]
[WhiteTeamCountry "AUT"]
[BlackTeamCountry "AUT"]

1. c4 e5 2. Nc3 d6 3. e4 g6 4. d4 Nd7 5. Nf3 Bg7 6. dxe5 dxe5 7. Bg5 Bf6 8. Be3 c6 9. Qd2 Be7 10. 0-0-0 Ngf6 11. Bh6 Ng4 12. h4 Qb6 13. Be3 Nxe3 14. fxe3 f6 15. g4 Nc5 16. g5 Bg4 17. Be2 Rd8 18. Qc2 0-0 19. gxf6 Rxd1+ 20. Rxd1 Bxf6 21. Ng5 Bxg5 22. hxg5 Be6 23. b3 a5 24. Qd2 Qc7 25. Qe1 Rd8 26. Qg3 Rxd1+ 27. Bxd1 b5 28. cxb5 cxb5 29. Kc2 Nxb3 30. Kb2 Nd2 31. Nxb5 Nc4+ 32. Kc1 Qc5 33. a4 Nxe3+ 0-1

[Event "AUT-chT2W 0304"]
[Site "Austria"]
[Date "2004.01.17"]
[Round "7"]
[White "Sprotte, Norbert"]
[Black "Lawitsch, Guenther"]
[Result "1/2-1/2"]
[WhiteElo "2235"]
[BlackElo "2270"]
[PlyCount "21"]
[EventDate "2003.10.18"]
[EventType "team-tourn"]
[EventRounds "11"]
[EventCountry "AUT"]
[SourceTitle "EXT 2005"]
[Source "ChessBase"]
[SourceDate "2004.11.15"]
[SourceVersion "1"]
[SourceVersionDate "2004.11.15"]
[SourceQuality "1"]
[WhiteTeam "Hallein/Mozart"]
[BlackTeam "Innsbruck"]
[WhiteTeamCountry "AUT"]
[BlackTeamCountry "AUT"]

1. d4 d5 2. Nf3 Nf6 3. c4 c6 4. e3 e6 5. Nbd2 c5 6. Be2 Nc6 7. 0-0 cxd4 8. exd4 Be7 9. b3 dxc4 10. Nxc4 0-0 11. a3 1/2-1/2

[Event "AUT-chT2W 0304"]
[Site "Austria"]
[Date "2003.10.19"]
[Round "2"]
[White "Angerer, Helmut"]
[Black "Lawitsch, Guenther"]
[Result "1-0"]
[WhiteElo "2178"]
[BlackElo "2270"]
[PlyCount "28"]
[EventDate "2003.10.18"]
[EventType "team-tourn"]
[EventRounds "11"]
[EventCountry "AUT"]
[SourceTitle "CBM 097 Extra"]
[Source "ChessBase"]
[SourceDate "2004.01.13"]
[SourceVersion "1"]
[SourceVersionDate "2004.01.13"]
[SourceQuality "1"]
[WhiteTeam "Schwaz"]
[BlackTeam "Innsbruck"]
[WhiteTeamCountry "AUT"]
[BlackTeamCountry "AUT"]

1. b3 e5 2. Bb2 Nc6 3. e3 g6 4. g3 Bg7 5. Bg2 Nge7 6. Ne2 d5 7. d4 Bg4 8. c3 Qd7 9. h3 Bf5 10. a4 h5 11. Nd2 0-0-0 12. b4 exd4 13. Nxd4 Nxd4 14. exd4 Nc6 1-0

[Event "AUT-chT2W 0304"]
[Site "Austria"]
[Date "2003.10.18"]
[Round "1"]
[White "Lawitsch, Guenther"]
[Black "Loeffler, Christoph"]
[Result "0-1"]
[WhiteElo "2270"]
[BlackElo "2147"]
[PlyCount "128"]
[EventDate "2003.10.18"]
[EventType "team-tourn"]
[EventRounds "11"]
[EventCountry "AUT"]
[SourceTitle "CBM 097 Extra"]
[Source "ChessBase"]
[SourceDate "2004.01.13"]
[SourceVersion "1"]
[SourceVersionDate "2004.01.13"]
[SourceQuality "1"]
[WhiteTeam "Innsbruck"]
[BlackTeam "Salzburg ASK"]
[WhiteTeamCountry "AUT"]
[BlackTeamCountry "AUT"]

1. c4 d5 2. cxd5 Nf6 3. e4 c6 4. dxc6 Nxc6 5. Nc3 e5 6. Nf3 Bc5 7. Bc4 0-0 8. h3 a6 9. a4 Qd6 10. 0-0 b6 11. d3 h6 12. Nd5 Ra7 13. Be3 Nxd5 14. Bxd5 Nb4 15. Nxe5 Nxd5 16. Bxc5 Qxc5 17. d4 Qd6 18. exd5 Qxd5 19. Qf3 Qd6 20. Rac1 Bb7 21. Qe3 Bd5 22. Qc3 Re8 23. Rfe1 Rae7 24. a5 Rb8 25. Re3 bxa5 26. Qxa5 Reb7 27. Rc5 Rb5 28. Rxb5 Rxb5 29. Qc3 Rb8 30. Qa3 Qb4 31. Nd7 Qxa3 32. Rxa3 Rb7 33. Nc5 Rxb2 34. Nxa6 Rd2 35. Ra4 Kf8 36. Nc5 Ke7 37. f3 Rd1+ 38. Kf2 Rd2+ 39. Kf1 g6 40. Ne4 Rc2 41. Ra5 Bc4+ 42. Kg1 Rc1+ 43. Kh2 Rd1 44. Ra7+ Ke6 45. Nc5+ Kf5 46. Rd7 Kf6 47. Kg3 h5 48. h4 Be6 49. Ne4+ Kg7 50. Rd8 Bc4 51. Kf4 Ra1 52. d5 Ra7 53. Ke5 Bf1 54. d6 f6+ 55. Kd4 Kf7 56. Nc5 Ra1 57. Rd7+ Kg8 58. Ne4 Rd1+ 59. Ke3 Bb5 60. Rb7 Rd3+ 61. Kf4 Bc6 62. Nxf6+ Kf8 63. Rc7 Bb5 64. Ke4 Rd2 0-1

[Event "AUT-chT2W 0203"]
[Site "Austria"]
[Date "2003.03.23"]
[Round "11"]
[White "Mira, Helene"]
[Black "Lawitsch, Guenther"]
[Result "0-1"]
[WhiteElo "2148"]
[BlackElo "2257"]
[PlyCount "62"]
[EventDate "2002.10.??"]
[EventType "team"]
[EventRounds "11"]
[EventCountry "AUT"]
[SourceTitle "EXT 2004"]
[Source "ChessBase"]
[SourceDate "2003.11.25"]
[SourceVersion "1"]
[SourceVersionDate "2003.11.25"]
[SourceQuality "1"]

1. Nf3 d5 2. d4 Nf6 3. c4 c6 4. Nc3 e6 5. Bg5 dxc4 6. e4 b5 7. e5 h6 8. Bh4 g5 9. Nxg5 hxg5 10. Bxg5 Nbd7 11. exf6 Bb7 12. g3 Qb6 13. Bg2 0-0-0 14. 0-0 Bh6 15. h4 Bxg5 16. hxg5 Rhg8 17. Qh5 c5 18. dxc5 Nxc5 19. Bxb7+ Nxb7 20. Ne4 Qc6 21. Rae1 Nc5 22. Nxc5 Rh8 23. Qxh8 Rxh8 24. Ne4 Rd8 25. Re3 b4 26. Rfe1 Qd5 27. f4 Kb8 28. g6 fxg6 29. Ng5 Rh8 30. f7 Qh1+ 31. Kf2 Rh2# 0-1

[Event "AUT-chT2W 0203"]
[Site "Austria"]
[Date "2002.10.12"]
[Round "2"]
[White "Lawitsch, Guenther"]
[Black "Riedel, Wolfgang"]
[Result "1/2-1/2"]
[WhiteElo "2257"]
[BlackElo "2348"]
[PlyCount "27"]
[EventDate "2002.10.??"]
[EventType "team"]
[EventRounds "11"]
[EventCountry "AUT"]
[SourceTitle "EXT 2004"]
[Source "ChessBase"]
[SourceDate "2003.11.25"]
[SourceVersion "1"]
[SourceVersionDate "2003.11.25"]
[SourceQuality "1"]

1. c4 g6 2. Nc3 Bg7 3. g3 e5 4. Bg2 Ne7 5. d3 Nbc6 6. a3 d6 7. Rb1 Nd4 8. e3 Ne6 9. h4 h5 10. b4 c6 11. Qb3 0-0 12. Nh3 Nc7 13. e4 Ne6 14. Be3 1/2-1/2

[Event "AUT-chT2W 0102"]
[Site "Austria"]
[Date "2002.03.08"]
[Round "9.3"]
[White "Lawitsch, Guenther"]
[Black "Hugentobler, Patrick"]
[Result "1/2-1/2"]
[WhiteElo "2269"]
[BlackElo "2225"]
[PlyCount "65"]
[EventDate "2001.10.12"]
[EventType "team"]
[EventRounds "11"]
[EventCountry "AUT"]
[SourceTitle "EXT 2002"]
[Source "ChessBase"]
[SourceDate "2001.11.25"]
[SourceVersion "1"]
[SourceVersionDate "2001.11.25"]
[SourceQuality "1"]

1. d4 Nf6 2. Nf3 g6 3. Bg5 Bg7 4. Nbd2 c5 5. Bxf6 Bxf6 6. Ne4 Qb6 7. Nxf6+ Qxf6 8. e4 cxd4 9. Qxd4 Qxd4 10. Nxd4 a6 11. c4 d6 12. 0-0-0 Bd7 13. Kb1 Nc6 14. Be2 0-0-0 15. f3 Nxd4 16. Rxd4 a5 17. b3 f6 18. Kb2 b6 19. Rhd1 g5 20. a3 Kc7 21. Rc1 Be6 22. Rdd1 h6 23. Rf1 Rhg8 24. g3 h5 25. f4 Bg4 26. Rce1 Bxe2 27. Rxe2 h4 28. fxg5 Rxg5 29. gxh4 Rg4 30. b4 axb4 31. axb4 Rxh4 32. Ra1 Kb7 33. Kc3 1/2-1/2

[Event "AUT-chT2W 0102"]
[Site "Austria"]
[Date "2002.01.12"]
[Round "7.4"]
[White "Lawitsch, Guenther"]
[Black "Kondrak, Christof"]
[Result "1-0"]
[WhiteElo "2269"]
[BlackElo "2175"]
[PlyCount "61"]
[EventDate "2001.10.12"]
[EventType "team"]
[EventRounds "11"]
[EventCountry "AUT"]
[SourceTitle "EXT 2002"]
[Source "ChessBase"]
[SourceDate "2001.11.25"]
[SourceVersion "1"]
[SourceVersionDate "2001.11.25"]
[SourceQuality "1"]

1. d4 d5 2. c4 e6 3. Nf3 c6 4. cxd5 exd5 5. Qc2 Nf6 6. Bg5 Qa5+ 7. Bd2 Bb4 8. a3 Bxd2+ 9. Nbxd2 0-0 10. e3 Bg4 11. Ne5 Nbd7 12. Bd3 h6 13. Nxg4 Nxg4 14. h3 Ngf6 15. 0-0 Rfe8 16. Rfc1 Qd8 17. b4 Qe7 18. b5 cxb5 19. Bxb5 a6 20. Bd3 b5 21. a4 b4 22. a5 Ne4 23. Nxe4 dxe4 24. Bc4 Nf6 25. Qb3 Reb8 26. Ra4 Qc7 27. Rc2 g5 28. Bd5 Qxc2 29. Bxf7+ Kg7 30. Qxc2 Kxf7 31. Qb3+ 1-0

[Event "AUT-chT2W 0001"]
[Site "Austria"]
[Date "2000.11.26"]
[Round "5.3"]
[White "Lawitsch, Guenther"]
[Black "Grundherr, Martin"]
[Result "1-0"]
[WhiteElo "2264"]
[BlackElo "2341"]
[PlyCount "57"]
[EventDate "2000.??.??"]
[EventType "team"]
[EventRounds "9"]
[EventCountry "AUT"]
[SourceTitle "EXT 2002"]
[Source "ChessBase"]
[SourceDate "2001.11.25"]
[SourceVersion "1"]
[SourceVersionDate "2001.11.25"]
[SourceQuality "1"]

1. e4 c6 2. d4 d5 3. Nd2 dxe4 4. Nxe4 Nd7 5. Nf3 Ngf6 6. Nxf6+ Nxf6 7. Ne5 Be6 8. Be2 g6 9. 0-0 Bg7 10. Bf4 0-0 11. c3 Rc8 12. Qa4 Qb6 13. Qa3 c5 14. dxc5 Qxc5 15. Qxc5 Rxc5 16. Nf3 Nd5 17. Bd2 Rd8 18. Rad1 Nb6 19. Be3 Rcc8 20. Bxb6 axb6 21. a3 Bb3 22. Rd2 e5 23. Bd1 Bc4 24. Re1 f6 25. Be2 Bd3 26. Bd1 Be4 27. Bc2 Bh6 28. Rdd1 Bd5 29. Rxd5 1-0

[Event "AUT-chT2W 0001"]
[Site "Austria"]
[Date "2000.10.28"]
[Round "2.2"]
[White "Lawitsch, Guenther"]
[Black "Kranz, Armin"]
[Result "1/2-1/2"]
[WhiteElo "2264"]
[BlackElo "2200"]
[PlyCount "59"]
[EventDate "2000.??.??"]
[EventType "team"]
[EventRounds "9"]
[EventCountry "AUT"]
[SourceTitle "EXT 2002"]
[Source "ChessBase"]
[SourceDate "2001.11.25"]
[SourceVersion "1"]
[SourceVersionDate "2001.11.25"]
[SourceQuality "1"]

1. e4 e5 2. Nf3 Nf6 3. d4 exd4 4. e5 Ne4 5. Qxd4 d5 6. exd6 Nxd6 7. Nc3 Nc6 8. Qf4 Nf5 9. Bb5 Bd6 10. Qe4+ Qe7 11. 0-0 Bd7 12. Re1 0-0 13. Qxe7 Nfxe7 14. Ne4 Bb4 15. c3 Ba5 16. Nc5 Bc8 17. Bg5 f6 18. Bc4+ Kh8 19. Bf4 Ng6 20. Bg3 Bb6 21. Ne6 Bxe6 22. Rxe6 Rae8 23. Rae1 Re7 24. Bb5 Rxe6 25. Rxe6 Nce7 26. h3 Rd8 27. Ba4 Kg8 28. Bb3 Kf8 29. Bh2 Nf5 30. Kf1 1/2-1/2

[Event "AUT-chT3 9899"]
[Site "Austria"]
[Date "1999.02.05"]
[Round "8"]
[White "Poettinger, Harald"]
[Black "Lawitsch, Guenther"]
[Result "1/2-1/2"]
[WhiteElo "2260"]
[BlackElo "2300"]
[PlyCount "21"]
[EventDate "1998.??.??"]
[EventType "team"]
[EventRounds "9"]
[EventCountry "AUT"]
[SourceTitle "EXT 2002"]
[Source "ChessBase"]
[SourceDate "2001.11.25"]
[SourceVersion "1"]
[SourceVersionDate "2001.11.25"]
[SourceQuality "1"]

1. Nf3 d5 2. c4 c6 3. g3 Nf6 4. Bg2 e6 5. Qc2 Be7 6. 0-0 0-0 7. d4 b6 8. Nbd2 Bb7 9. e4 dxe4 10. Nxe4 Nbd7 11. Bf4 1/2-1/2

[Event "Wattens op 14th"]
[Site "Wattens"]
[Date "1999.??.??"]
[Round "9"]
[White "Kostic, Vladimir G"]
[Black "Lawitsch, Guenther"]
[Result "1-0"]
[WhiteElo "2400"]
[BlackElo "2265"]
[PlyCount "71"]
[EventDate "1999.??.??"]
[EventType "swiss"]
[EventRounds "9"]
[EventCountry "AUT"]
[SourceTitle "EXT 2001"]
[Source "ChessBase"]
[SourceDate "2000.11.22"]
[SourceVersion "1"]
[SourceVersionDate "2000.11.22"]
[SourceQuality "1"]

1. d4 d5 2. c4 e6 3. cxd5 exd5 4. Nc3 c6 5. Nf3 Be7 6. Qc2 Nf6 7. Bg5 Nbd7 8. e3 Nh5 9. Bxe7 Qxe7 10. Be2 g6 11. Nd2 Ng7 12. a3 a5 13. 0-0 0-0 14. Rab1 Nf5 15. Bd3 Nf6 16. Nf3 Nd6 17. Na4 Bf5 18. Bxf5 Nxf5 19. Ne5 Ne4 20. Rbe1 f6 21. Nd3 Rfe8 22. Nc3 Nfd6 23. f3 Nxc3 24. Qxc3 Qf7 25. Nf2 a4 26. e4 h5 27. e5 fxe5 28. dxe5 Nf5 29. Ne4 Re7 30. Nf6+ Kf8 31. Qd2 h4 32. Rf2 Qg7 33. Qb4 Qf7 34. Ne4 Kg8 35. Nf6+ Kf8 36. Qf4 1-0

[Event "Wattens op 14th"]
[Site "Wattens"]
[Date "1999.??.??"]
[Round "6"]
[White "Lawitsch, Guenther"]
[Black "Bieringer, Konrad"]
[Result "1-0"]
[WhiteElo "2265"]
[BlackElo "2025"]
[PlyCount "57"]
[EventDate "1999.??.??"]
[EventType "swiss"]
[EventRounds "9"]
[EventCountry "AUT"]
[SourceTitle "EXT 2001"]
[Source "ChessBase"]
[SourceDate "2000.11.22"]
[SourceVersion "1"]
[SourceVersionDate "2000.11.22"]
[SourceQuality "1"]

1. Nf3 Nf6 2. c4 b6 3. g3 Bb7 4. Bg2 e6 5. 0-0 Be7 6. d4 0-0 7. Nc3 Ne4 8. Qc2 f5 9. d5 Nxc3 10. Qxc3 Bf6 11. Qd3 Qe7 12. Nd4 g6 13. Nxf5 Qe8 14. Nd4 exd5 15. Nb5 Na6 16. cxd5 Qf7 17. a3 Rfe8 18. Rb1 Nc5 19. Qd1 Ba6 20. a4 d6 21. Bh6 Bg7 22. Bxg7 Kxg7 23. b4 Ne4 24. Qd4+ Nf6 25. e4 Kg8 26. Rbc1 Re7 27. Bh3 Bc8 28. Bxc8 Rxc8 29. Nxd6 1-0

[Event "AUT-chT3 9899"]
[Site "Austria"]
[Date "1998.12.04"]
[Round "6"]
[White "Levy, Rene"]
[Black "Lawitsch, Guenther"]
[Result "0-1"]
[WhiteElo "2200"]
[BlackElo "2300"]
[PlyCount "104"]
[EventDate "1998.??.??"]
[EventType "team"]
[EventRounds "9"]
[EventCountry "AUT"]
[SourceTitle "EXT 2002"]
[Source "ChessBase"]
[SourceDate "2001.11.25"]
[SourceVersion "1"]
[SourceVersionDate "2001.11.25"]
[SourceQuality "1"]

1. d4 e6 2. c4 Nf6 3. Nc3 Bb4 4. e3 0-0 5. Bd3 d5 6. Nf3 c5 7. 0-0 dxc4 8. Bxc4 cxd4 9. exd4 a6 10. Bg5 b5 11. Bd3 Bb7 12. Ne4 Be7 13. Nc5 Bd5 14. a4 b4 15. Ne5 Nc6 16. Re1 h6 17. Bxf6 Bxf6 18. Rc1 Nxe5 19. dxe5 Bg5 20. Ra1 Be7 21. Ne4 a5 22. Re3 Bg5 23. Nxg5 Qxg5 24. Be4 Rfd8 25. Qf3 Qxe5 26. Bh7+ Kxh7 27. Rxe5 Bxf3 28. gxf3 Rd2 29. Rc1 Rxb2 30. Rcc5 Ra2 31. Rxa5 Rxa4 32. Rxa8 Rxa8 33. Rb5 Ra1+ 34. Kg2 Rb1 35. Rb7 Kg6 36. Rb5 b3 37. Rb4 Kf6 38. Rb5 e5 39. Rb6+ Kf5 40. Rb7 Kg6 41. Rb6+ f6 42. Rb7 b2 43. Rb8 f5 44. Rb7 Kf6 45. Rb6+ Kf7 46. Rb8 g5 47. h3 h5 48. Rb6 g4 49. fxg4 hxg4 50. hxg4 fxg4 51. Rb8 e4 52. Rb6 g3 0-1

[Event "AUT-chT3 9899"]
[Site "Austria"]
[Date "1998.10.09"]
[Round "2"]
[White "Lawitsch, Guenther"]
[Black "Dobosz, Henryk"]
[Result "1/2-1/2"]
[WhiteElo "2300"]
[BlackElo "2410"]
[PlyCount "66"]
[EventDate "1998.??.??"]
[EventType "team"]
[EventRounds "9"]
[EventCountry "AUT"]
[SourceTitle "EXT 2002"]
[Source "ChessBase"]
[SourceDate "2001.11.25"]
[SourceVersion "1"]
[SourceVersionDate "2001.11.25"]
[SourceQuality "1"]

1. e4 e6 2. d4 d5 3. Nd2 c5 4. exd5 Qxd5 5. Ngf3 cxd4 6. Bc4 Qd6 7. 0-0 Nf6 8. Nb3 Nc6 9. Nbxd4 Nxd4 10. Nxd4 a6 11. Re1 Bd7 12. Bb3 0-0-0 13. c3 Qc7 14. Qe2 Bd6 15. h3 Kb8 16. Be3 Rhg8 17. a4 g5 18. a5 g4 19. h4 g3 20. f3 e5 21. Nc2 Bb5 22. c4 Bc6 23. Bb6 Qe7 24. Bxd8 Qxd8 25. Rad1 Bc5+ 26. Kf1 Nd7 27. Qxe5+ Nxe5 28. Rxd8+ Rxd8 29. Rxe5 Rd3 30. Ba2 Rd2 31. Re2 Rd1+ 32. Re1 Rd2 33. Re2 Rd1+ 1/2-1/2

[Event "Seefeld op 09th"]
[Site "Seefeld"]
[Date "1998.??.??"]
[Round "4"]
[White "Abendroth, Guenter"]
[Black "Lawitsch, Guenther"]
[Result "1/2-1/2"]
[WhiteElo "2135"]
[BlackElo "2275"]
[PlyCount "101"]
[EventDate "1998.09.12"]
[EventType "swiss"]
[EventRounds "9"]
[EventCountry "AUT"]
[SourceTitle "EXT 2000"]
[Source "ChessBase"]
[SourceDate "1999.11.16"]
[SourceVersion "1"]
[SourceVersionDate "1999.11.16"]
[SourceQuality "1"]

1. e4 e6 2. d4 d5 3. exd5 exd5 4. Bd3 Bd6 5. Qf3 Nf6 6. h3 0-0 7. Bg5 Re8+ 8. Ne2 Nbd7 9. 0-0 c6 10. Nd2 Be7 11. Bxf6 Bxf6 12. c3 Bg5 13. Rfd1 Qf6 14. Qxf6 Bxf6 15. Re1 g6 16. Nf3 Nf8 17. Nf4 Ne6 18. Nxe6 Bxe6 19. Re2 Rec8 20. Ne5 Rc7 21. f4 Bc8 22. Ng4 Bxg4 23. hxg4 b5 24. g5 Be7 25. a3 a5 26. Kf2 Rb8 27. Rae1 Rbb7 28. b4 axb4 29. axb4 Ra7 30. g3 Kf8 31. Rc2 Ra3 32. Be2 Rca7 33. Rb1 Bd8 34. Ke3 Kg7 35. Kd2 Bc7 36. Bd3 Ra8 37. Rcc1 Ra2+ 38. Rc2 h6 39. gxh6+ Kxh6 40. Rh1+ Kg7 41. Rxa2 Rxa2+ 42. Bc2 g5 43. Rf1 gxf4 44. gxf4 Kf6 45. Kc1 Ra1+ 46. Bb1 Ra8 47. Kb2 Rh8 48. Rf2 Rh4 49. f5 Rh3 50. Rg2 Bg3 51. Re2 1/2-1/2

[Event "Wattens op 13th"]
[Site "Wattens"]
[Date "1998.??.??"]
[Round "7"]
[White "Kondrak, Christof"]
[Black "Lawitsch, Guenther"]
[Result "1-0"]
[WhiteElo "2145"]
[BlackElo "2275"]
[PlyCount "69"]
[EventDate "1998.??.??"]
[EventType "swiss"]
[EventRounds "9"]
[EventCountry "AUT"]
[SourceTitle "EXT 2000"]
[Source "ChessBase"]
[SourceDate "1999.11.16"]
[SourceVersion "1"]
[SourceVersionDate "1999.11.16"]
[SourceQuality "1"]

1. d4 e6 2. c4 Nf6 3. a3 c5 4. dxc5 Bxc5 5. e3 0-0 6. Nf3 d5 7. b4 Be7 8. Bb2 Nbd7 9. c5 Qc7 10. Qa4 a5 11. Nbd2 Qb8 12. Qc2 axb4 13. axb4 Rxa1+ 14. Bxa1 Qa8 15. Bb2 Nb8 16. Bd3 Nc6 17. Bc3 Qb8 18. b5 e5 19. bxc6 e4 20. cxb7 Qxb7 21. Bxf6 Bxf6 22. 0-0 exd3 23. Qxd3 Qb4 24. Rc1 Be6 25. Nd4 Rc8 26. c6 Qa4 27. N2f3 Bd7 28. Qc2 Qa5 29. Qc5 Qxc5 30. Rxc5 Be7 31. Rc2 Be8 32. Kf1 g5 33. h3 h5 34. Nd2 Bf6 35. N2b3 1-0

[Event "Seefeld op 09th"]
[Site "Seefeld"]
[Date "1998.??.??"]
[Round "1"]
[White "Lawitsch, Guenther"]
[Black "De Jong, Jaap"]
[Result "1-0"]
[WhiteElo "2275"]
[BlackElo "1950"]
[PlyCount "43"]
[EventDate "1998.09.12"]
[EventType "swiss"]
[EventRounds "9"]
[EventCountry "AUT"]
[SourceTitle "EXT 2000"]
[Source "ChessBase"]
[SourceDate "1999.11.16"]
[SourceVersion "1"]
[SourceVersionDate "1999.11.16"]
[SourceQuality "1"]

1. e4 c5 2. d4 cxd4 3. c3 dxc3 4. Nxc3 Nc6 5. Nf3 e6 6. Bc4 Bc5 7. 0-0 Nge7 8. Bf4 Ng6 9. Bg3 a6 10. e5 Qc7 11. Ne4 Be7 12. Rc1 Qa5 13. Nd6+ Bxd6 14. Qxd6 Qb4 15. Qd3 Qe7 16. Rfd1 b5 17. Bb3 Bb7 18. h4 f6 19. exf6 gxf6 20. Qe3 Nge5 21. Nxe5 Nxe5 22. Qb6 1-0

[Event "Wattens op 13th"]
[Site "Wattens"]
[Date "1998.??.??"]
[Round "8"]
[White "Lawitsch, Guenther"]
[Black "Sprenger, Wendelin"]
[Result "1-0"]
[WhiteElo "2275"]
[BlackElo "1875"]
[PlyCount "67"]
[EventDate "1998.??.??"]
[EventType "swiss"]
[EventRounds "9"]
[EventCountry "AUT"]
[SourceTitle "EXT 2000"]
[Source "ChessBase"]
[SourceDate "1999.11.16"]
[SourceVersion "1"]
[SourceVersionDate "1999.11.16"]
[SourceQuality "1"]

1. e4 e6 2. d4 d5 3. Nd2 c5 4. exd5 exd5 5. Ngf3 Nf6 6. Bb5+ Bd7 7. Bxd7+ Nbxd7 8. 0-0 Be7 9. dxc5 Nxc5 10. Nd4 0-0 11. N2b3 Qd7 12. Bg5 Rfc8 13. Nxc5 Rxc5 14. Re1 h6 15. Bh4 Rac8 16. c3 b5 17. Qd3 Bd8 18. Rad1 Ne4 19. Nb3 Bxh4 20. Qxe4 dxe4 21. Rxd7 Re5 22. g3 Bd8 23. Rxa7 b4 24. cxb4 Bb6 25. Rb7 e3 26. Nc5 exf2+ 27. Kxf2 Rf5+ 28. Kg2 Bxc5 29. bxc5 Rcxc5 30. Re2 g5 31. a4 Rc1 32. Rf2 Rxf2+ 33. Kxf2 Rc2+ 34. Kf3 1-0